000 00754nam a22002417a 4500
005 20170124110038.0
010 _aA-631136
020 _c00.00
_a9231027697
035 _aA-631136
037 _bCen Lib/Ret
040 _aDPL
_bEN
082 _a370
_bHAG
100 _aHaggis, Sheila M.
_923206
245 _aEducation for all :
_cby Sheila M. Haggis
_bpurpose and context /
260 _aParis
_bUNESCO
_c1991
270 _a7 Place de Fontenoy
_bParis
_e75700
300 _axiii,96p. :
_c26cm(Hb)
_bill.
490 _aWorld conference on education for all monograph 1
500 _aWorld conference in education for all monograph II.
650 _aEducation
_91169
650 _aUnesco
_9104516
942 _2ddc
_cEN
_h370
_mHAG
999 _c128375
_d128375